• 首页
  • 本馆介绍
  • 公告通知
  • 最新文献
  • 馆藏检索
  • 电子资源
  • 读者导购
  • 参考咨询
  • 我的图书馆
  • 登录
  • 详细信息显示
  • 放入我的书架
  • 预约/预借图书
  • 作者相关作品
  • 分类相关作品
  • 丛书相关作品
  • 出版社相关作品

书目信息

  • 表格格式
  • 工作单格式
  • 卡片格式
题名:
心理关羽
    
 
作者: 陈禹安 著
分册:  
出版信息: 郑州   郑州大学出版社有限公司  2020
页数: 326页
开本: 23cm
丛书名:
单 册:
中图分类: I207.413 , K825.2=342
科图分类:
主题词: 《三国演义》研究
电子资源:
ISBN: 978-7-5645-7369-0
000 00855nam0 2200253 450
001 2337556703
005 20231201102608.38
010    @a978-7-5645-7369-0@dCNY49.80
100    @a20210118d2020 em y0chiy50 ea
101 0  @achi
102    @aCN@b410000
105    @ay z 000yd
200 1  @a心理关羽@Axin li guan yu@f陈禹安著
210    @a郑州@c郑州大学出版社有限公司@d2020
215    @a326页@d23cm
300    @a心理三国三部曲
330    @a本书以《三国演义》为底本,从关羽投降的心理写起,分析了关羽为什么在投降曹操、华容道释放曹操的情况下依然赢得了“忠”“义”的美名,从心理学的角度探索了关羽在特定历史环境下的心路历程。
600  0 @a关羽@f(160-219)@x人物研究
606 0  @a《三国演义》研究
690    @aI207.413@v5
690    @aK825.2=342@v5
701  0 @a陈禹安@Achen yu an@4著
801  0 @aCN@b91MARC@c20210211
905    @aZUCC@dI207.413@e18
    
    心理关羽/陈禹安著.-郑州:郑州大学出版社有限公司,2020
    326页;23cm
    心理三国三部曲
    
    ISBN 978-7-5645-7369-0:CNY49.80
    本书以《三国演义》为底本,从关羽投降的心理写起,分析了关羽为什么在投降曹操、华容道释放曹操的情况下依然赢得了“忠”“义”的美名,从心理学的角度探索了关羽在特定历史环境下的心路历程。
●
相关链接 在五车中查询图书 在当当中查询图书 在豆瓣中查询图书


正题名:心理关羽     索取号:I207.413/18         预约/预借

序号 登录号 条形码 馆藏地/架位号 状态 备注
1 2001257491   2001257491   辽宁北方(第一批)/辽宁北方(第一批)/102/ [索取号:I207.413/18] 在馆    
2 2001257492   2001257492   辽宁北方(第一批)/辽宁北方(第一批)/102/ [索取号:I207.413/18] 在馆    
3 2001257493   2001257493   辽宁北方(第一批)/辽宁北方(第一批)/102/ [索取号:I207.413/18] 在馆    
4 2001257494   2001257494   辽宁北方(第一批)/辽宁北方(第一批)/102/ [索取号:I207.413/18] 在馆    
5 2001257495   2001257495   辽宁北方(第一批)/辽宁北方(第一批)/102/ [索取号:I207.413/18] 在馆    
6 2001257496   2001257496   辽宁北方(第一批)/辽宁北方(第一批)/102/ [索取号:I207.413/18] 在馆    
山东省滨州职业学院图书馆 欢迎您!
大连网信软件有限公司© 版权所有